MANAGEMENT THEORY AND PRACTICE (Record no. 2383)
[ view plain ]
| 000 -LEADER | |
|---|---|
| fixed length control field | 00490nam a22001817a 4500 |
| 003 - CONTROL NUMBER IDENTIFIER | |
| control field | OSt |
| 005 - DATE AND TIME OF LATEST TRANSACTION | |
| control field | 20151102185758.0 |
| 008 - FIXED-LENGTH DATA ELEMENTS--GENERAL INFORMATION | |
| fixed length control field | 151102b xxu||||| |||| 00| 0 eng d |
| 020 ## - INTERNATIONAL STANDARD BOOK NUMBER | |
| International Standard Book Number | 0706990307 |
| 040 ## - CATALOGING SOURCE | |
| Transcribing agency | 040A |
| 082 ## - DEWEY DECIMAL CLASSIFICATION NUMBER | |
| Classification number | 658 |
| Item number | CHA;2004 |
| 100 ## - MAIN ENTRY--PERSONAL NAME | |
| Personal name | CHADAN ;J S |
| Dates associated with a name | 2004 |
| 9 (RLIN) | 5939 |
| 245 ## - TITLE STATEMENT | |
| Title | MANAGEMENT THEORY AND PRACTICE |
| Statement of responsibility, etc. | J S CHADAN |
| 260 ## - PUBLICATION, DISTRIBUTION, ETC. (IMPRINT) | |
| Place of publication, distribution, etc. | NEWYORK CITY |
| Name of publisher, distributor, etc. | VIKAS PUBLISHING HOUSE PVT LTD |
| Date of publication, distribution, etc. | 2004 |
| 300 ## - PHYSICAL DESCRIPTION | |
| Extent | xix;507 |
| Other physical details | ill |
| Dimensions | 32 cm |
| 504 ## - BIBLIOGRAPHY, ETC. NOTE | |
| Bibliography, etc | includes index |
| 942 ## - ADDED ENTRY ELEMENTS (KOHA) | |
| Source of classification or shelving scheme | Dewey Decimal Classification |
| Koha item type | Short Loan |
| Withdrawn status | Lost status | Source of classification or shelving scheme | Damaged status | Not for loan | Home library | Current library | Date acquired | Inventory number | Total Checkouts | Full call number | Barcode | Date last seen | Price effective from | Koha item type |
|---|---|---|---|---|---|---|---|---|---|---|---|---|---|---|
| Dewey Decimal Classification | MUST Main Library | MUST Main Library | 02/11/2015 | 08/29682 | 658 CHA;2004 | 2015-2399 | 02/11/2015 | 02/11/2015 | Short Loan |
